Economic and financial analysis for engineering and project management

Bibliographic Details
Main Author: Ardalan Abol
Format: Book
Published: Lancaster : Technomic Publishing Co. Inc , 2000
Subjects:

MARC

LEADER 00000cam a2200000 7i4500
001 0000013675
005 20050613.0
020 |a 1566768322 
040 |a INS 
090 0 0 |a TA177.4   |b A73 2000 
100 1 |a Ardalan Abol 
245 1 0 |a Economic and financial analysis for engineering and project management   |c Ardalan Abol 
260 |a Lancaster :   |b Technomic Publishing Co. Inc ,   |c 2000 
300 |a vi :   |b 221p ;   |c 24cm. 
650 0 0 |a Engineering Economy 
650 0 0 |a Engineering Managmenet 
650 0 0 |a Project Management 
999 |a 0000014092   |b BOOK   |c Open Shelf   |e Default branch